| 000 | 00362cam a2200145ua 4500 | ||
|---|---|---|---|
| 041 |
_aeng _h |
||
| 082 |
_a828.09 _bWIN/IN |
||
| 100 | _aWinters, Yvor . | ||
| 245 |
_aIn Defense of Reason / _cYvor Winters. _hTextual Documents |
||
| 260 |
_aLondon : _bRoutledge & Kegan Paul Ltd , _c1943. |
||
| 300 | _a603 ; . | ||
| 504 | _a | ||
| 942 | _cBK | ||
| 999 |
_c872 _d872 |
||